La Iglesia y los derechos humanos: No. 144 de la Revista Concilium /
En este número se examina interdisciplinariamente el tema de los derechos humanos, enfatizando una perspectiva teológica. Los trabajos están organizados en tres apartados: el concepto, la teología, y la praxis.
Gespeichert in:
| Format: | Buch |
|---|---|
| Sprache: | Spanisch |
| Schriftenreihe: | (Concilium: Revista Internacional de Teología ;
144) |
| Schlagworte: | |
| Tags: |
Keine Tags, Fügen Sie das erste Tag hinzu!
|
MARC
| LEADER | 00000nam^a2200000^a^4500 | ||
|---|---|---|---|
| 001 | 000038453 | ||
| 005 | 20250521000000.0 | ||
| 009 | 20260310085504.267 | ||
| 037 | |a Acervo ITESO - Biblioteca | ||
| 041 | |a ESP | ||
| 082 | |a 261. 83 |b IGL | ||
| 245 | 1 | 3 | |a La Iglesia y los derechos humanos: No. 144 de la Revista Concilium / |
| 264 | |a Madrid, España : |b Ediciones Cristiandad, |c 1965 | ||
| 300 | |a 143 p. | ||
| 336 | |a texto |b txt |2 rdacontenido | ||
| 337 | |a sin mediación |b n |2 rdamedio | ||
| 338 | |a volumen |b nc |2 rdasoporte | ||
| 440 | 1 | |a (Concilium: Revista Internacional de Teología ; |v 144) | |
| 520 | |a En este número se examina interdisciplinariamente el tema de los derechos humanos, enfatizando una perspectiva teológica. Los trabajos están organizados en tres apartados: el concepto, la teología, y la praxis. | ||
| 649 | |a XX | ||
| 650 | |a Iglesia y Problemas Sociales | ||
| 650 | |a Derechos Humanos | ||
| 650 | |a Catolicismo | ||
| 650 | |a Teología Social | ||
| 910 | |a Fondo General | ||
| 920 | |a Impresos - Libros | ||
| 930 | |a Colección General | ||
| 905 | |a 101 | ||
| 901 | |a 0384530100 |b IT1 |c ACC |i 038453 |u 20250521 | ||
| 902 | |a https://opac.biblio.iteso.mx/vufind/Record/000038453 | ||